| 000 | 01257nam a2200313 i 4500 | ||
|---|---|---|---|
| 003 | DO-SdBNP | ||
| 005 | 20251126065728.0 | ||
| 007 | ta | ||
| 008 | 251126b2011 dr a|||| |||| 00| 0 spa d | ||
| 020 | _a9789945465136 | ||
| 040 |
_aDO-SdBNP _bspa _cBNPHU _erda |
||
| 041 | _aspa | ||
| 082 | 4 |
_axxx _bxxx _222 |
|
| 100 | 1 |
_aUreña de Henríquez, Salomé, _d1850-1897 _eautor _4aut. _9920 |
|
| 245 | 1 | 0 |
_aRuinas y otras poésias dominicanas / _cSalomé Ureña de Henríquez ; edicción, Josefina Jiménez ; ilustraciones, Anibal Hernández Medina ; corrección, Arsenio Hernández |
| 264 |
_aSanto Domingo, República Dominicana : _bEditorial Cosmepeña, _c2011. |
||
| 300 |
_a122 páginas : _bilustraciones, _c19 cm. |
||
| 336 |
_atexto _btxt _2rdacontent |
||
| 337 |
_asin mediación _bn _2rdamedia |
||
| 338 |
_avolumen _bnc _2rdacarrier |
||
| 500 | _aIncluye datos biográficos del autor en la contracubierta | ||
| 500 | _aIncluye referencias bibliográficas y notas al pie de las páginas | ||
| 590 | _aIncentariado, 2025/BT | ||
| 700 | 1 |
_aJiménez, Josefina, _eeditor _4ed. _982817 |
|
| 700 | 1 |
_aHernández Medina, Anibal, _eilustrador _4il. _980629 |
|
| 700 | 1 |
_aHernández, Arsenio, _ecorrector _4corr. _988826 |
|
| 910 | _aBtavárez | ||
| 942 |
_2ddc _cLBS1 |
||
| 999 |
_c60070 _d60070 |
||